History Quiz

Random History or Famous Quiz

Famous Americans Sorting Gallery Quiz Stats

 Plays Quiz Updated Jun 26, 2017

Support Sporcle.
Go Orange.
Score 0/55 Timer 10:00
0 Plays Today
% Correct
Eleanor Roosevelt
96.8%
Steven Spielberg
96.3%
Abigail Adams
96.3%
Michelle Obama
96.3%
Mary Todd Lincoln
96%
Clint Eastwood
95.6%
Dolley Madison
95.1%
Martin Scorsese
94.6%
Woody Allen
93.7%
Edith Wilson
93.5%
Lucy Hayes
93.3%
Ernest Hemingway
93.1%
Buzz Aldrin
93%
Francis Ford Coppola
92.6%
Frances Cleveland
92.4%
Neil Armstrong
91.4%
T. S. Eliot
91.2%
Robert E. Lee
91.1%
John Steinbeck
91.1%
Ulysses S. Grant
90.8%
Thomas Edison
90.7%
Rudy Giuliani
88.6%
Thomas Jefferson
88.3%
Stonewall Jackson
87.8%
Alexander Hamilton
87.5%
Oliver Stone
86.8%
Lou Hoover
85%
William Faulkner
84.8%
% Correct
Michael Bloomberg
84.2%
William T. Sherman
83.6%
Vince Lombardi
82.4%
Fiorello LaGuardia
80.8%
William Clark
79.9%
Robert Zemeckis
79.5%
Meriwether Lewis
79.4%
Don Shula
78.8%
Bill de Blasio
76.3%
Sinclair Lewis
71.9%
Chuck Noll
71.6%
John Huston
70.2%
Toni Morrison
69.8%
Ed Koch
69.8%
Kathryn Bigelow
69.1%
Pearl S. Buck
67.7%
John Ford
66%
Nathan Bedford Forrest
65.5%
Henry Knox
64.9%
George Halas
63.1%
Eugene O'Neill
62.8%
George Meade
61.1%
David Dinkins
57.6%
Paul Brown
56.8%
Michael Collins
56.5%
Philip Sheridan
50.5%
Edmund Randolph
45.4%

You're not logged in!

Compare scores with friends on all Sporcle quizzes.
OR
Log In
Forgot?

From the Vault

Same First Two Letters: Capitals

by petenge

Two letters is enough, right? We can rename some capital cities to 'PH' and 'BA'.
Remove Ads.
Support Sporcle.
Get the best of Sporcle when you Go Orange. This ad-free experience offers more features, more stats, and more fun while also helping to support Sporcle. Thank you for becoming a member.

Show Comments

Extras

Top Quizzes Today


Score Distribution

Your Account Isn't Verified!

In order to create a playlist on Sporcle, you need to verify the email address you used during registration. Go to your Sporcle Settings to finish the process.

Report this User

Report this user for behavior that violates our Community Guidelines.

Details: